Countries Bordering Poland - Statistics

General Stats
  • This quiz has been taken 21 times
  • The average score is 7 of 7
Answer Stats
km Answer miles % Correct
541 Slovakia 336
100%
706 Czech Republic 495
95%
467 Germany 290
95%
210 Russia 130
95%
535 Ukraine 332
95%
418 Belarus 260
90%
104 Lithuania 65
90%
No matching quizzes found
Score Distribution
Percent of People with Each Score
Percentile by Number Answered
Your Score History
You have not taken this quiz